000
00308nam a22001337a 4500
020
_a
81-304-0522-9
082
_a
425
_b
BAN/G
100
_a
BANSAL,SAMEER
245
_a
GENERAL ERRORS IN ENGLISH
260
_a
DELHI
_b
TINY TOT PUBLICATIONS
300
_a
160
650
_a
ERRORS IN ENGLISH
_z
DELHI
942
_c
BK
999
_c
4108
_d
4108